Unix network programming : (Record no. 2912)
[ view plain ]
| 000 -LEADER | |
|---|---|
| fixed length control field | 00848nam a22002532 4500 |
| 001 - CONTROL NUMBER | |
| control field | 0000005099 |
| 005 - DATE AND TIME OF LATEST TRANSACTION | |
| control field | 20151217145823.0 |
| 008 - FIXED-LENGTH DATA ELEMENTS--GENERAL INFORMATION | |
| fixed length control field | 070606s xx 000 0 eng d |
| 020 ## - INTERNATIONAL STANDARD BOOK NUMBER | |
| International Standard Book Number | 812032823X : |
| Terms of availability | KES 875 |
| 040 ## - CATALOGING SOURCE | |
| Original cataloging agency | KABU |
| Transcribing agency | KABU |
| 050 #0 - LIBRARY OF CONGRESS CALL NUMBER | |
| Classification number | QA76.76 |
| Item number | .O63S74 2004 |
| 100 1# - MAIN ENTRY--PERSONAL NAME | |
| Personal name | Stevens, W. Richard. |
| -- | 0000154786 |
| 245 10 - TITLE STATEMENT | |
| Title | Unix network programming : |
| Remainder of title | the sockets networking API volume I / |
| Statement of responsibility, etc. | W. Richard Stevens, Bil Fenner, Andrew M. Rudoff. |
| 250 ## - EDITION STATEMENT | |
| Edition statement | 3rd ed. |
| 260 ## - PUBLICATION, DISTRIBUTION, ETC. (IMPRINT) | |
| Place of publication, distribution, etc. | New Delhi : |
| Name of publisher, distributor, etc. | Prentice-Hall of India, |
| Date of publication, distribution, etc. | 2004. |
| 300 ## - PHYSICAL DESCRIPTION | |
| Extent | xxiii, 991 p. |
| 650 #0 - SUBJECT ADDED ENTRY--TOPICAL TERM | |
| Topical term or geographic name as entry element | UNIX (Computer file) |
| -- | 0000154651 |
| 650 #0 - SUBJECT ADDED ENTRY--TOPICAL TERM | |
| Topical term or geographic name as entry element | Computer networks. |
| -- | 0000148214 |
| 700 1# - ADDED ENTRY--PERSONAL NAME | |
| Personal name | Fenner, Bill. |
| -- | 0000156183 |
| 700 1# - ADDED ENTRY--PERSONAL NAME | |
| Personal name | Rudoff, Andrew M. |
| -- | 0000156184 |
| 908 ## - PUT COMMAND PARAMETER (RLIN) | |
| Put command parameter | 070606 |
| 950 ## - LOCAL HOLDINGS (RLIN) | |
| -- | 1 |
| Withdrawn status | Lost status | Source of classification or shelving scheme | Not for loan | Home library | Current library | Date acquired | Total Checkouts | Full call number | Barcode | Date last seen | Date last checked out | Price effective from | Koha item type |
|---|---|---|---|---|---|---|---|---|---|---|---|---|---|
| Library of Congress Classification | Kabarak, Main Campus | Kabarak, Main Campus | 17/12/2015 | 1 | QA76.76 .O63S74 2004 | 008048 | 01/11/2016 | 23/09/2016 | 17/12/2015 | General Collection |